Transporte y organización territorial : seminario.
Guardado en:
| Autor Corporativo: | |
|---|---|
| Formato: | Libro |
| Idioma: | Spanish |
| Publicado: |
San Miguel de Tucumán :
Universidad Nacional de Tucumán. Facultad de Arquitectura y Urbanismo,
1993.
|
| Etiquetas: |
Agregar Etiqueta
Sin Etiquetas, Sea el primero en etiquetar este registro!
|
| LEADER | 00622nam a22001575a 4500 | ||
|---|---|---|---|
| 001 | EEA.libagro005498 | ||
| 005 | 20180626115236.0 | ||
| 008 | 130809s1993####ag#a##########100#0#spa#d | ||
| 082 | 0 | 4 | |a 388.40982 |
| 082 | 0 | 4 | |a 385 |
| 082 | 0 | 4 | |a 387 |
| 111 | 2 | |a Transporte y organización territorial |d (13 al 15 de octubre de 1993 : |c San Miguel de Tucumán) | |
| 245 | 1 | 0 | |a Transporte y organización territorial : |b seminario. |
| 260 | |a San Miguel de Tucumán : |b Universidad Nacional de Tucumán. Facultad de Arquitectura y Urbanismo, |c 1993. | ||
| 300 | |a 158 p. : |b il., mapas ; |c 28 cm. | ||
| 859 | |a AR-BbBCA |b BIB. AGRONOMIA |h 388.40982 |i A691 |p 1996/2812 | ||
